Brrr! : (Record no. 4154)

MARC details
000 -LEADER
fixed length control field 01193cam a22003374a 4500
001 - CONTROL NUMBER
control field 4154
003 - CONTROL NUMBER IDENTIFIER
control field FISKH
005 - DATE AND TIME OF LATEST TRANSACTION
control field 20240614112730.0
008 - FIXED-LENGTH DATA ELEMENTS--GENERAL INFORMATION
fixed length control field 000104s2000 nyua b 000 0 eng
010 ## - LIBRARY OF CONGRESS CONTROL NUMBER
LC control number 00020823
020 ## - INTERNATIONAL STANDARD BOOK NUMBER
International Standard Book Number 0439201659 (pbk.)
040 ## - CATALOGING SOURCE
Original cataloging agency DLC
Transcribing agency DLC
Modifying agency DLC
Language of cataloging eng
050 ## - LIBRARY OF CONGRESS CALL NUMBER
Classification number QL104.B47
082 ## - DEWEY DECIMAL CLASSIFICATION NUMBER
Classification number 591.7
100 1# - MAIN ENTRY--PERSONAL NAME
Personal name Berger, Melvin.
245 10 - TITLE STATEMENT
Title Brrr! :
Remainder of title a book about polar animals /
Statement of responsibility, etc. by Melvin & Gilda Berger.
250 ## - EDITION STATEMENT
Edition statement First Revised edtion, February 2006
260 ## - PUBLICATION, DISTRIBUTION, ETC.
Place of publication, distribution, etc. New York :
Name of publisher, distributor, etc. Scholastic,
Date of publication, distribution, etc. 2000.
300 ## - PHYSICAL DESCRIPTION
Extent 40 pages :
Other physical details color illustrations ;
Dimensions 23 cm
490 1# - SERIES STATEMENT
Series statement Berger Science Readers
505 ## - FORMATTED CONTENTS NOTE
Formatted contents note O<br/>
520 ## - SUMMARY, ETC.
Summary, etc. Simple text and photographs present the physical characteristics, behavior, and habitat of a variety of animals living near the North and South Poles, including humpback whales, seals, polar bears, and penguins.
521 ## - TARGET AUDIENCE NOTE
Target audience note 620<br/>
Source Lexile NC<br/>
521 ## - TARGET AUDIENCE NOTE
Target audience note O<br/>
Source Raz-Plus <br/>
650 #0 - SUBJECT ADDED ENTRY--TOPICAL TERM
Topical term or geographic name entry element Zoology
Geographic subdivision Polar regions
Form subdivision Juvenile literature.
650 #1 - SUBJECT ADDED ENTRY--TOPICAL TERM
Topical term or geographic name entry element Zoology
Geographic subdivision Polar regions.
700 1# - ADDED ENTRY--PERSONAL NAME
Personal name Berger, Gilda.
Relator term Author
906 ## - LOCAL DATA ELEMENT F, LDF (RLIN)
a 7
b cbc
c orignew
d 1
e ocip
f 20
g y-gencatlg
942 ## - ADDED ENTRY ELEMENTS (KOHA)
Source of classification or shelving scheme Dewey Decimal Classification
Koha item type Books
Suppress in OPAC No
Holdings
Withdrawn status Lost status Source of classification or shelving scheme Damaged status Not for loan Collection Home library Current library Shelving location Date acquired Total Checkouts Full call number Barcode Date last seen Date last checked out Copy number Price effective from Koha item type
    Dewey Decimal Classification     Non-Fiction Footprints International School Library Network Toul Kork Campus Footprints International School Library Network Toul Kork Campus TK Primary Library Room(4th Floor), Bookcase 3&4, Shelves 17-32, Yellow Books 06/14/2024 3 BER 591.7 QL104.B47 FISBK05456 12/19/2025 08/29/2025 1 06/14/2024 Books
    Dewey Decimal Classification     Non-Fiction Footprints International School Library Network Toul Tom Poung Campus Footprints International School Library Network Toul Tom Poung Campus TTP Primary Yellow Bookshelves 11/19/2025   BER 591.7 QL104.B47 FISBK05547 11/19/2025   2 11/19/2025 Books